000 00647nam a22002177a 4500
005 20170124110226.0
010 _aB-023933
020 _c250.00
_a8120314085
035 _aB-023933
037 _bCen Lib/Ret
040 _aDPL
_bEN
082 _a371.42503
_bGHO
100 _aGhose, Jayanti
_98545
245 _athe UBS encylopaedia of careers /
_cby Jayanti Ghose
260 _a New Delhi
_bUPS publishers
_c2000
270 _bNew Delhi
_a5, Ansari road
_e110002
300 _axxiv,486p.
_c23cm(pbk)
650 _aCareer councling
_vEncyclopaedia
_940799
650 _aEducation
_91169
942 _2ddc
_cEN
_h371.42503
_mGHO
999 _c134463
_d134463